Регионална библиотека "Любен Каравелов" - Русе

Охранителна дейност (Запис номер 80040)

MARC детайли
000 -Лидер
Контролно поле с фиксирана дължина 01465nam a2200409 c 4500
003 - Код на организацията, давaща контролен номер
Контролно поле BLK
005 - Дата и час на последна редакция
Контролно поле 20180420224508.0
008 - Елементи от данни с фиксирана дължина
fixed length control field 180408b bul|||||r ||||||| ||bul||
010 ## - Наследен системен номер
LC control number KNG00084524000
020 ## - Международен стандартен номер на книга ISBN
Международен стандартен номер на книга ISBN 978-954-509-400-2
-- издат.: Воен. изд.
040 ## - Източник на каталожния запис
Идентификатор на билиотеката - собственик на записа BLK
041 ## - Код за език
Код за езика на текст/звукозапис или на отделно заглавие Български
Код за езика КДБФ Български
080 ## - УДК
Текстов определител УДК
УДК код - определител по УДК 351.74/.75
УДК определител (075)
УДК - код + определител 351.74/.75(075)
080 ## - УДК
Текстов определител УДК Наказателно право. Наказателен процес. Учение за престъплението. Криминология. Вж и 341.4 ; 344 ; 348
УДК код - определител по УДК 343
УДК определител (075)
УДК - код + определител 343(075)
100 1# - Редна дума - Автор
Автор Попов, Пламен Николов
Авторска отговорност първи автор
R(LIN) 299464
139 ## - Редно поле
Редна дума Попов, Пламен Николов
Авторски знак Попов - П 76
245 10 - Сведения за заглавието
Заглавие Охранителна дейност
Редно поле (дума) Пламен Николов Попов.
257 ## - Страна на издаване
Страна на създаване/издаване България
260 ## - Област на издателските данни
-- София
Име на издателя, разпространителя и проч. Воен. изд.
Година на издаване 2008
300 ## - Физическа характеристика
Страници 160 с.
Илюстрации и др. с табл.
Размери/Мащаб 24 см
380 ## - Жанр
Жанр Обществени науки
500 ## - Общи забележки
Забележка Библиогр. 157-159
504 ## - Забележка за наличие на библиография и др
Забележка за наличие на библиография и под. 157-159
650 #4 - Допълнително описание по предмет – тема
Основно описание – тема или топоним Охрана и сигурност
9 (RLIN) 266473
650 #4 - Допълнително описание по предмет – тема
Основно описание – тема или топоним Полиция
9 (RLIN) 166985
653 ## - Ключова дума – ненормативна
Ключова дума охрана
653 ## - Ключова дума – ненормативна
Ключова дума охранителни фирми
653 ## - Ключова дума – ненормативна
Ключова дума права
653 ## - Ключова дума – ненормативна
Ключова дума задължения
653 ## - Ключова дума – ненормативна
Ключова дума тестове
653 ## - Ключова дума – ненормативна
Ключова дума учебни помагала
852 ## - Местоположение
Форматна сигнатура Цб 240570
856 4# - Електронен адрес и достъп
Електронен формат pdf - файл
Път до файла /url/
856 4# - Електронен адрес и достъп
Електронен формат pdf - файл
Път до файла /url/
942 ## - АРТИКУЛИ
Вид на библиотечния материал Книги
Скрит в OPAC Не
944 ## - СЪЗДАВАНЕ И РЕДАКЦИЯ на ЗАПИСА
Създаване/Редакция Създаване
Дата на регистрацията/редакция 18.07.2008
Служител, извършил регистрацията/редакцията Валя_Йорданова
944 ## - СЪЗДАВАНЕ И РЕДАКЦИЯ на ЗАПИСА
Създаване/Редакция Редакция
Дата на регистрацията/редакция 02.04.2009
Служител, извършил регистрацията/редакцията
999 ## - СИСТЕМНИ КОНТРОЛНИ НОМЕРА
Koha biblionumber 80040
Koha biblioitemnumber 80040
Наличности
Код за отписване Код за изгубен артикул Източник на класификационната схема Код за повреда Коз за рестрикции Код за отдаване Артикулен № Име на библиотеката - собственик Име на библиотеката, в която се намира в момента Статус (Текущо местоположение) Дата на вписване в системата Местоположение - отдел Цена в лева Инвентарен номер Систематично азбучна сигнатура Баркод Номер на екземпляра Цена в евро Служебна бележка Служебен тип на артикула
Изтеглен Не е изгубен Universal Decimal Classification Не е повреден без рестрикции заемане за дома 129674 Регионална библиотека "Любен Каравелов" Русе Регионална библиотека "Любен Каравелов" Русе Заемна - подръчен фонд 2008-07-18 Заемна - подръчен фонд 9.00 120000727530 П 351/П 76 120000727530 1 4.60 Дост: Pk Вид: Ф N: 5997 Дата: 16.07.2008 Книги
  Не е изгубен   Не е повреден без рестрикции ползва се в читалня 129675 Регионална библиотека "Любен Каравелов" Русе Регионална библиотека "Любен Каравелов" Русе Хранилище 2009-04-02 Хранилище 9.00 120000734700 Цб 240570 120000734700 2 4.60 Дост: Dp Вид: Д N: 44 Дата: 15.10.2008 Книги
Vip Innovations Ltd, Rousse, Bulgaria 2025